000 00410nam a2200169Ia 4500
008 230524s9999 xx 000 0 und d
020 _a9788180141683
082 _a690
_bKUM
100 _aSushil Kumar
_923693
245 0 _aBuilding Construction
250 _a2
260 _aNew Delhi
_bStandard Publi.
_c2014
300 _a"XVI,812p;"
500 _aQuantity Number: 3
650 _aCivil
942 _cBK
999 _c56725
_d56725